03065cam a2200421 a 4500999001300000001000600013003000900019005001700028008004100045020001500086040003800101082001900139100003700158245011100195260004100306300002800347504005100375650003100426650002100457942001200478952013200490952013200622952011700754952011700871952013200988952013201120952013201252952013201384952011701516952011801633952011801751952013601869952011802005952011802123952013302241952013602374952013302510 c717d71713738BD-DhUAP20200204163504.0200127s2007 enk b 001 0 eng d a9845123422 aBD-DhUAPcBD-DhUAPdBD-DhUAPbEng04a341.67 PAT223 aPatwari, A. B. M. Mafizul Islam.04aPrinciples of international humanitarian law :ban oriental perspective /cA. B. M. Mafizul Islam Patwari. aDhaka :bMallika publishing,cc2007. avi, 159 pages ;c22 cm. aIncludes bibliographical references and index. 0aHumanitarian lawxHistory. 0aHumanitarian law 2ddccBK 00102ddc4070aUAPCLbUAPCLcGeneral Stacksd2020-01-27l2o341.67 PATp3010013738r2025-10-27s2025-10-15t1w2020-01-27yBK 00102ddc4070aUAPCLbUAPCLcGeneral Stacksd2020-01-27l1o341.67 PATp3010013189r2023-09-03s2023-08-26t2w2020-01-27yBK 00102ddc4070aUAPCLbUAPCLcGeneral Stacksd2020-01-27o341.67 PATp3010013188r2020-01-27t3w2020-01-27yBK 00102ddc4070aUAPCLbUAPCLcGeneral Stacksd2020-01-27o341.67 PATp3010013192r2020-01-27t4w2020-01-27yBK 00102ddc4070aUAPCLbUAPCLcGeneral Stacksd2020-01-27l1o341.67 PATp3010013191r2025-12-08s2024-09-09t5w2020-01-27yBK 00102ddc4070aUAPCLbUAPCLcGeneral Stacksd2020-01-27l1o341.67 PATp3010013739r2024-12-30s2024-12-15t6w2020-01-27yBK 00102ddc4070aUAPCLbUAPCLcGeneral Stacksd2020-01-27l1o341.67 PATp3010013740r2026-03-31s2026-03-25t7w2020-01-27yBK 00102ddc4070aUAPCLbUAPCLcGeneral Stacksd2020-01-27l1o341.67 PATp3010013218r2023-08-22s2023-08-17t8w2020-01-27yBK 00102ddc4070aUAPCLbUAPCLcGeneral Stacksd2020-01-27o341.67 PATp3010013737r2020-01-27t9w2020-01-27yBK 00102ddc4070aUAPCLbUAPCLcGeneral Stacksd2020-01-27o341.67 PATp3010013219r2020-01-27t10w2020-01-27yBK 00102ddc4070aUAPCLbUAPCLcGeneral Stacksd2020-01-27o341.67 PATp3010013215r2020-01-27t11w2020-01-27yBK 00102ddc4070aUAPCLbUAPCLcGeneral Stacksd2020-01-27l1m1o341.67 PATp3010013741r2026-02-18s2026-01-27t12w2020-01-27yBK 00102ddc4070aUAPCLbUAPCLcGeneral Stacksd2020-01-27o341.67 PATp3010013190r2020-01-27t13w2020-01-27yBK 00102ddc4070aUAPCLbUAPCLcGeneral Stacksd2020-01-27o341.67 PATp3010013217r2020-01-27t14w2020-01-27yBK 00102ddc4070aUAPCLbUAPCLcGeneral Stacksd2020-01-27l1o341.67 PATp3010012790r2025-11-05s2025-11-03t15w2020-01-27yBK 00102ddc4070aUAPCLbUAPCLcGeneral Stacksd2020-12-29l1m2o341.67 PATp3010013216r2024-09-03s2024-01-27t16w2020-12-29yBK 00102ddc4070aUAPCLbUAPCLcGeneral Stacksd2022-05-29l2o341.67 PATp3010021553r2026-04-15s2026-04-07t17w2022-05-29yBK